000 01326nam a2200241Ia 4500
003 Ost
005 20260416102402.0
008 260416s9999||||xx |||||||||||||| ||und||
040 _cfsecg
041 _aara
082 _a310
100 _aأمزيان، أنيسة
_eمؤلف
245 0 _aدروس وتمارين في مادة الاحصاء 1 /
_c أنيسة أمزيان
260 _aالجزائر
_bجامعة الجزائر3: كلية العلوم الإقتصادية، العلوم التجارية وعلوم التسيير
_c2025
300 _a108 ورقة
_bايضاحات
_c12 سم
504 _aببيلوغرافيا: ص.108
520 _aماهي علم الاحصاء، منهجية البحث الاحصائي، العرض البياني للبيانات الاحصائية، مقاييس النزعة المركزية( المتوسطات)، مشتقات مقايين النزعة المركزية (اشياه الوسيط)، مقاييس التشتت، الانحدار والارتباط.
653 _aالاحصاء
653 _aالاحصاء التحليلي
653 _aالبيانات الاحصائية
710 _aجامعة الجزائر3: كلية العلوم الإقتصادية، العلوم التجارية وعلوم التسيير
_eناشر علمي
942 _cHANDOUT
999 _c41472
_d41472